ბათუმის შოთა რუსთაველის სახელმწიფო უნივერსიტეტის ბიბლიოთეკა

ფორთოხლის (Citrus Sinensis (L.) Osb.) სპონტანური და ინდუცირებული მუტაცია და ეკომორფოლოგია : (ბიბ.ჩანაწერი № 63003)

000 -ლიდერი
ფიქსირებული სიგრძის საკონტროლო ველი 01431nam a22002417a 4500
003 - საკონტროლო ნომრის იდენტიფიკატორი
საკონტროლო ველი Ge_BSU
005 - ბოლო ოპერაციის თარიღი და დრო
საკონტროლო ველი 20250429164838.0
008 - ფიქსირებული სიგრძის მონაცემთა ელემენტები - ზოგადი ინფორმაცია
ფიქსირებული სიგრძის საკონტროლო ველი 250429s2009 ge ||||| |||| 00| 0 geo d
020 ## - წიგნის საერთაშორისო სტანდარტული ნომერი
International Standard Book Number 9789941409646
041 ## - ენის კოდი
Language code of text/sound track or separate title geo
080 ## - უნივერსალური ათობითი კლასიფიკაციის ინდექსი
Universal Decimal Classification number 634.31 : 581.154 ბ-51
100 ## - მთავარი ჩანაწერი - პიროვნების სახელი
Personal name ბერიძე, ნოდარ
9 (RLIN) 19537
245 ## - ცნობა სათაურის შესახებ
Title ფორთოხლის (Citrus Sinensis (L.) Osb.) სპონტანური და ინდუცირებული მუტაცია და ეკომორფოლოგია :
Remainder of title [მონოგრაფია] /
Statement of responsibility, etc ნოდარ ბერიძე, ზურაბ ბუკია ; [რედ. დავით ბარათაშვილი].
264 ## - წარმოების, გამოცემის, დისტრიბუციის და სხვა ცნობები
გამოცემის, წარმოების, დისტრიბუციის... ადგილი ბათუმი :
გამოცემის, წარმოების, დისტრიბუციის... სახელწოდება შოთა რუსთაველის უნ-ტის გამ-ბა და სტ.,
გამოცემის, წარმოების, დისტრიბუციის... თარიღი 2009.
300 ## - ფიზიკური აღწერა
Extent 272 გვ. :
Other physical details ცხრ., სურ. ;
Dimensions 20 სმ.
504 ## - BIBLIOGRAPHY, ETC. NOTE
Bibliography, etc ბიბლიოგრ.: გვ. 259-268.
520 ## - SUMMARY, ETC.
Summary, etc რეზ. ინგლ. და რუს.
653 ## - INDEX TERM--UNCONTROLLED
Uncontrolled term ფორთოხლის მუტაცია
700 ## - ADDED ENTRY--PERSONAL NAME
Personal name ბუკია, ზურაბ
Relator term ავტორი
9 (RLIN) 24969
700 ## - ADDED ENTRY--PERSONAL NAME
Personal name ბარათაშვილი, დავით
Relator term რედაქტორი
9 (RLIN) 1718
856 ## - ELECTRONIC LOCATION AND ACCESS
Uniform Resource Identifier https://dspace.nplg.gov.ge/bitstream/1234/6526/1/Fortoxlis_Spontanuri_Mutacia.pdf
Link text ელ. ვერსია
942 ## - ADDED ENTRY ELEMENTS (KOHA)
Source of classification or shelving scheme
Koha item type წიგნი
ეგზემპლარები
ჩამოწერის სტატუსი დაკარგული ეგზემპლარის სტატუსი კლასიფიკაციის წყარო ან თაროზე გაწყობის სქემა დაზიანების სტატუსი არ გაიცემა მუდმივი მდებარეობა (დაცვის ადგილი) ამჟამინდელი ადგილსამყოფელი თაროზე განთავსების ადგილი შეძენის თარიღი ღირებულება, შესყიდვის ნორმალური ფასი სრული შენახვის შიფრი შტრიხკოდი ბოლო ოპერაციის თარიღი ეგზემპლარის მიმდევრობითი ნომერი (კეტერი?) Uniform Resource Identifier ფასის ძალაში შესვლის თარიღი ეგზემპლარის სახეობა საჯარო შენიშვნა
          აგრარული და მემბრანული ტექნოლოგიების ინსტიტუტის ბიბლიოთეკა აგრარული და მემბრანული ტექნოლოგიების ინსტიტუტის ბიბლიოთეკა წიგნსაცავი 2025-04-29 10.00 634.31 : 581.154 ბ-51 71294 2025-04-29 71294 ნაჩუქარი 2025-04-29 წიგნი 10 ლ.